Droit international et histoire diplomatique /
| Autor principal: | |
|---|---|
| Formato: | Libro |
| Publicado: |
Paris :
Domat Montchrestien,
1948.
|
| Materias: | |
| Etiquetas: |
Agregar Etiqueta
Sin Etiquetas, Sea el primero en etiquetar este registro!
|
MARC
| LEADER | 00000nam a22000004a 4500 | ||
|---|---|---|---|
| 001 | AR-BbUGT1770 | ||
| 003 | AR-BbUGT | ||
| 005 | 20181220001602.0 | ||
| 007 | ta | ||
| 008 | 061101t1948 ||| |0|||0| d | ||
| 040 | |a AR-BbUGT |b spa |c AR-BbUGT | ||
| 082 | 0 | 4 | |a 341.33 |
| 100 | 1 | |a Colliard, Claude-Albert. | |
| 245 | 1 | 0 | |a Droit international et histoire diplomatique / |c Claude-Albert Colliard. |
| 260 | |a Paris : |b Domat Montchrestien, |c 1948. | ||
| 300 | |a 527 p. | ||
| 653 | |a Derecho Internacional Publico | ||
| 653 | |a Diplomacia | ||
| 942 | |c BK |h 341.33 |i C685 |m D |2 ddc |6 341_330000000000000_C685 | ||
| 999 | |c 9501 |d 9501 | ||